Triết học phương Tây hiện đại /

Wedi'i Gadw mewn:
Manylion Llyfryddiaeth
Prif Awdur: Lưu, Phóng Đồng
Fformat: Llyfr
Iaith:Vietnamese
Cyhoeddwyd: Lý luận chính trị 2004
Tagiau: Ychwanegu Tag
Dim Tagiau, Byddwch y cyntaf i dagio'r cofnod hwn!
Thư viện lưu trữ: Mạng thư viện Đại học Đà Nẵng
LEADER 00689nam a2200265 4500
001 000027731
003 LƯ-Đ04
005 20150403120000.0
008 150403s vm 000 vie
020 |c 0,0000 
040 |a notts 
100 |a Lưu, Phóng Đồng 
245 |a Triết học phương Tây hiện đại /  |c Lưu PhóngĐồng chủ biên ; Lê Khánh Trường dịch. 
260 |b Lý luận chính trị  |c 2004 
OWN |a LTT 
999 |a From the UDN01 
TYP |a Monograph 
TYP |a Printed language 
980 |a Mạng thư viện Đại học Đà Nẵng